[Event "MMK2014"]
[Site "?"]
[Date "2014.08.15"]
[Round "6.1"]
[White "Malinovsky, Karel"]
[Black "Brzeski, Maciej"]
[Result "1/2-1/2"]
[LiveChessVersion "1.4.2"]
[BlackElo "2338"]
[WhiteElo "2453"]

1. e4 {[%clk 1:30:57]} c5 {[%clk 1:30:51]} 2. Nf3 {[%clk 1:31:22]} Nc6
{[%clk 1:31:17]} 3. Nc3 {[%clk 1:31:49]} e5 {[%clk 1:31:02]} 4. Bc4
{[%clk 1:32:10]} g6 {[%clk 1:30:37]} 5. d3 {[%clk 1:29:28]} h6 {[%clk 1:29:44]}
6. Nd5 {[%clk 1:25:01]} Bg7 {[%clk 1:28:15]} 7. c3 {[%clk 1:23:02]} Nge7
{[%clk 1:26:08]} 8. Be3 {[%clk 1:22:16]} d6 {[%clk 1:26:04]} 9. O-O
{[%clk 1:21:14]} O-O {[%clk 1:25:47]} 10. h3 {[%clk 1:19:56]} Nxd5
{[%clk 1:18:17]} 11. Bxd5 {[%clk 1:18:09]} Ne7 {[%clk 1:17:35]} 12. Bb3
{[%clk 1:14:10]} b6 {[%clk 1:16:09]} 13. d4 {[%clk 1:08:32]} Bb7 {[%clk 1:15:58]}
14. dxe5 {[%clk 1:08:40]} dxe5 {[%clk 1:16:20]} 15. Qxd8 {[%clk 1:08:28]} Raxd8
{[%clk 0:55:28]} 16. Nd2 {[%clk 1:07:51]} Kh7 {[%clk 0:52:21]} 17. f3
{[%clk 1:03:32]} f5 {[%clk 0:45:16]} 18. Rfd1 {[%clk 0:53:36]} Bf6
{[%clk 0:38:22]} 19. Bc2 {[%clk 0:43:28]} f4 {[%clk 0:34:29]} 20. Bf2
{[%clk 0:43:48]} Ba6 {[%clk 0:34:47]} 21. Nb3 {[%clk 0:40:07]} Nc6
{[%clk 0:32:27]} 22. Rxd8 {[%clk 0:36:28]} Rxd8 {[%clk 0:32:52]} 23. Rd1
{[%clk 0:36:23]} Rxd1+ {[%clk 0:29:33]} 24. Bxd1 {[%clk 0:36:50]} Kg7
{[%clk 0:29:47]} 25. Nd2 {[%clk 0:35:44]} Kf8 {[%clk 0:26:49]} 26. Bb3
{[%clk 0:34:47]} Ke7 {[%clk 0:25:41]} 27. Bc4 {[%clk 0:34:52]} Bc8
{[%clk 0:25:08]} 28. Kf1 {[%clk 0:31:44]} g5 {[%clk 0:20:11]} 29. Ke1
{[%clk 0:31:36]} h5 {[%clk 0:19:58]} 30. Bd5 {[%clk 0:30:47]} Nd8
{[%clk 0:19:30]} 31. a4 {[%clk 0:29:00]} Nf7 {[%clk 0:14:15]} 32. b4
{[%clk 0:26:07]} cxb4 {[%clk 0:14:35]} 33. cxb4 {[%clk 0:26:30]} Nd6
{[%clk 0:14:51]} 34. Nb3 {[%clk 0:24:00]} Kd8 {[%clk 0:14:22]} 35. Nc1
{[%clk 0:19:33]} g4 {[%clk 0:13:13]} 36. hxg4 {[%clk 0:19:32]} hxg4
{[%clk 0:13:39]} 37. fxg4 Bxg4 {[%clk 0:13:55]} 38. Nd3 {[%clk 0:16:08]} Bh5
{[%clk 0:12:24]} 39. g3 {[%clk 0:14:04]} fxg3 {[%clk 0:11:16]} 40. Bxg3
{[%clk 0:14:27]} Bg6 {[%clk 0:11:29]} 41. Nf2 {[%clk 0:13:46]} Nf7
{[%clk 0:04:40]} 42. Ke2 {[%clk 0:11:22]} Ke7 {[%clk 0:03:53]} 43. Kd3
{[%clk 0:10:16]} Kd6 {[%clk 0:04:07]} 44. Ng4 {[%clk 0:09:50]} Bg7
{[%clk 0:04:30]} 45. Bh4 {[%clk 0:08:05]} Nh6 {[%clk 0:03:16]} 46. Ne3
{[%clk 0:08:28]} Be8 {[%clk 0:02:06]} 47. b5 {[%clk 0:06:26]} Bh5
{[%clk 0:01:53]} 48. Bg5 {[%clk 0:05:05]} Kd7 {[%clk 0:01:38]} 49. Bc6+
{[%clk 0:01:37]} Ke6 {[%clk 0:01:55]} 50. Bd5+ {[%clk 0:02:01]} Kd7
{[%clk 0:01:42]} 51. Nc4 {[%clk 0:01:43]} Nf7 {[%clk 0:02:20]} 52. Bh4
{[%clk 0:01:53]} Nd6 {[%clk 0:02:37]} 53. Bc6+ {[%clk 0:01:52]} Ke6
{[%clk 0:02:56]} 54. Ne3 {[%clk 0:02:00]} Bf6 {[%clk 0:02:54]} 55. Bd5+
{[%clk 0:02:07]} Ke7 {[%clk 0:03:18]} 56. Bg3 {[%clk 0:02:31]} Bf3
{[%clk 0:03:07]} 57. Be1 {[%clk 0:01:17]} Bg5 {[%clk 0:02:58]} 58. Nc4
{[%clk 0:00:41]} 1/2-1/2

[Event "MMK2014"]
[Site "?"]
[Date "2014.08.15"]
[Round "6.2"]
[White "Bures, Jaroslav"]
[Black "Klekowski, Maciej"]
[Result "0-1"]
[LiveChessVersion "1.4.2"]
[BlackElo "2383"]
[WhiteElo "2410"]

1. d4 {[%clk 1:30:41]} f5 {[%clk 1:30:52]} 2. g3 {[%clk 1:31:02]} g6
{[%clk 1:31:15]} 3. h4 {[%clk 1:23:12]} Nf6 {[%clk 1:30:54]} 4. h5
{[%clk 1:23:05]} Nxh5 {[%clk 1:20:22]} 5. Rxh5 {[%clk 1:23:10]} gxh5
{[%clk 1:20:47]} 6. e4 {[%clk 1:23:36]} Bg7 {[%clk 1:20:58]} 7. Qxh5+
{[%clk 1:16:54]} Kf8 {[%clk 1:21:23]} 8. Qxf5+ {[%clk 1:17:20]} Kg8
{[%clk 1:21:47]} 9. e5 {[%clk 1:17:28]} Nc6 {[%clk 1:15:58]} 10. Nf3
{[%clk 1:11:07]} Qe8 {[%clk 1:16:02]} 11. Na3 {[%clk 1:07:56]} d5
{[%clk 1:07:13]} 12. Qf4 {[%clk 1:00:33]} Qh5 {[%clk 0:58:05]} 13. Nh4
{[%clk 0:42:55]} Bg4 {[%clk 0:50:04]} 14. f3 {[%clk 0:40:27]} Bd7
{[%clk 0:44:46]} 15. Qe3 {[%clk 0:36:20]} e6 {[%clk 0:34:24]} 16. Bh3
{[%clk 0:30:38]} Nxd4 {[%clk 0:26:50]} 17. Qxd4 {[%clk 0:29:42]} Bxe5
{[%clk 0:27:15]} 18. Qf2 {[%clk 0:28:16]} Kg7 {[%clk 0:20:07]} 19. Bg4
{[%clk 0:20:43]} Qf7 {[%clk 0:20:25]} 20. Bh6+ {[%clk 0:17:48]} Kg8
{[%clk 0:17:35]} 21. c3 {[%clk 0:18:03]} Qf6 {[%clk 0:17:39]} 22. Bd2
{[%clk 0:18:18]} Ba4 {[%clk 0:14:34]} 23. Kf1 {[%clk 0:11:19]} Re8
{[%clk 0:09:30]} 24. Re1 {[%clk 0:09:12]} Bd6 {[%clk 0:09:35]} 25. Bh5
{[%clk 0:06:21]} Rf8 {[%clk 0:08:36]} 26. g4 {[%clk 0:03:28]} e5 {[%clk 0:06:04]}
27. Nf5 {[%clk 0:03:03]} Bd7 {[%clk 0:05:30]} 28. Nxd6 {[%clk 0:03:10]} cxd6
{[%clk 0:05:46]} 29. g5 {[%clk 0:02:08]} Qf5 {[%clk 0:06:04]} 30. Kg1
{[%clk 0:01:16]} h6 {[%clk 0:04:47]} 31. Bg4 {[%clk 0:01:45]} Qf7
{[%clk 0:05:13]} 32. Bxd7 {[%clk 0:01:57]} Qxd7 {[%clk 0:05:39]} 33. gxh6
{[%clk 0:01:47]} Kh7 {[%clk 0:05:58]} 34. Kf1 {[%clk 0:01:06]} Rhg8
{[%clk 0:02:00]} 35. Ke2 {[%clk 0:01:04]} e4 {[%clk 0:02:07]} 36. Kd1
{[%clk 0:01:30]} Rxf3 {[%clk 0:02:23]} 37. Qxa7 {[%clk 0:00:55]} Rg2
{[%clk 0:02:42]} 38. Nb1 {[%clk 0:01:04]} Qb5 {[%clk 0:02:39]} 39. b3
{[%clk 0:00:50]} Qd3 {[%clk 0:01:29]} 40. Kc1 {[%clk 0:00:50]} e3
{[%clk 0:01:28]} 41. Qxb7+ {[%clk 0:00:35]} Kh8 {[%clk 0:01:51]} 42. Qb8+
{[%clk 0:00:38]} Rg8 {[%clk 0:02:13]} 43. Qxd6 {[%clk 0:00:44]} exd2+
{[%clk 0:02:33]} 44. Nxd2 {[%clk 0:01:12]} Qxc3+ {[%clk 0:02:58]} 45. Kd1
{[%clk 0:01:22]} Rf5 {[%clk 0:01:08]} 46. Qa3 {[%clk 0:00:40]} Rf2
{[%clk 0:00:40]} 47. Qc1 {[%clk 0:00:51]} Qd4 {[%clk 0:01:04]} 48. Qc2
{[%clk 0:00:34]} Qg4+ {[%clk 0:01:10]} 49. Kc1 {[%clk 0:01:03]} Rc8
{[%clk 0:01:35]} 0-1

[Event "MMK2014"]
[Site "?"]
[Date "2014.08.15"]
[Round "6.3"]
[White "Topi-Hulmi, Teemu"]
[Black "Nguyen, Thai Dai Van"]
[Result "1-0"]
[LiveChessVersion "1.4.2"]
[BlackElo "2276"]
[WhiteElo "2235"]

1. e4 {[%clk 1:30:54]} e6 {[%clk 1:30:51]} 2. d4 {[%clk 1:31:04]} d5
{[%clk 1:31:15]} 3. exd5 {[%clk 1:31:05]} exd5 {[%clk 1:31:38]} 4. c4
{[%clk 1:31:24]} Nf6 {[%clk 1:31:41]} 5. Nc3 {[%clk 1:31:43]} Bb4
{[%clk 1:31:33]} 6. Bd3 {[%clk 1:31:59]} O-O {[%clk 1:31:49]} 7. Nge2
{[%clk 1:32:23]} dxc4 {[%clk 1:32:11]} 8. Bxc4 {[%clk 1:32:44]} h6
{[%clk 1:30:53]} 9. O-O {[%clk 1:32:57]} Nc6 {[%clk 1:30:52]} 10. Qd3
{[%clk 1:29:33]} Na5 {[%clk 1:11:08]} 11. Bb5 {[%clk 1:28:46]} Bd7
{[%clk 1:11:09]} 12. Bf4 {[%clk 1:23:13]} a6 {[%clk 1:06:10]} 13. Bxd7
{[%clk 1:21:01]} Qxd7 {[%clk 1:05:49]} 14. Rfd1 {[%clk 1:17:06]} Bd6
{[%clk 0:56:05]} 15. Be5 {[%clk 1:10:12]} Bxe5 {[%clk 0:29:17]} 16. dxe5
{[%clk 1:10:23]} Qxd3 {[%clk 0:29:43]} 17. Rxd3 {[%clk 1:10:39]} Nh7
{[%clk 0:29:12]} 18. f4 {[%clk 1:00:08]} Rfd8 {[%clk 0:23:29]} 19. Rad1
{[%clk 1:00:03]} Nc6 {[%clk 0:20:33]} 20. Nd5 {[%clk 0:48:48]} Rd7
{[%clk 0:20:08]} 21. Nec3 {[%clk 0:48:15]} Kf8 {[%clk 0:16:02]} 22. Ne4
{[%clk 0:46:55]} b6 {[%clk 0:14:44]} 23. Kf2 {[%clk 0:32:58]} Rad8
{[%clk 0:13:53]} 24. Ke3 {[%clk 0:32:41]} Ke8 {[%clk 0:05:49]} 25. g4
{[%clk 0:30:35]} Nf8 {[%clk 0:05:21]} 26. h4 {[%clk 0:25:26]} Nh7
{[%clk 0:02:24]} 27. Ng3 {[%clk 0:24:25]} g6 {[%clk 0:00:44]} 28. Ne4
{[%clk 0:24:35]} Kf8 {[%clk 0:00:53]} 29. Nxc7 {[%clk 0:22:22]} Rxd3+
{[%clk 0:00:48]} 30. Rxd3 {[%clk 0:22:44]} Rxd3+ {[%clk 0:01:09]} 31. Kxd3
{[%clk 0:23:06]} g5 {[%clk 0:01:16]} 32. hxg5 {[%clk 0:21:12]} hxg5
{[%clk 0:01:36]} 33. Nxg5 {[%clk 0:18:29]} Nxg5 {[%clk 0:01:45]} 34. fxg5
{[%clk 0:18:53]} Nxe5+ {[%clk 0:01:37]} 35. Ke4 {[%clk 0:18:45]} Nxg4
{[%clk 0:01:23]} 36. Nxa6 {[%clk 0:19:06]} Nf2+ {[%clk 0:01:38]} 37. Kf5
{[%clk 0:16:09]} Nd3 {[%clk 0:01:16]} 38. b4 {[%clk 0:15:49]} Ke7
{[%clk 0:00:58]} 39. a3 {[%clk 0:14:45]} Ne1 {[%clk 0:00:35]} 40. a4
{[%clk 0:10:30]} Nc2 {[%clk 0:00:33]} 41. Ke5 {[%clk 0:10:15]} Ne3
{[%clk 0:00:34]} 42. Nc7 {[%clk 0:09:57]} Nc2 {[%clk 0:00:33]} 43. Nd5+
{[%clk 0:09:34]} Kf8 {[%clk 0:00:47]} 44. b5 {[%clk 0:09:40]} Kg7
{[%clk 0:01:01]} 45. Nxb6 {[%clk 0:09:41]} Kg6 {[%clk 0:01:26]} 46. a5
{[%clk 0:08:11]} Na3 {[%clk 0:01:49]} 47. Kf4 {[%clk 0:07:43]} Nxb5
{[%clk 0:02:13]} 48. Nd5 {[%clk 0:07:28]} Na7 {[%clk 0:01:04]} 49. a6
{[%clk 0:07:23]} Nc6 {[%clk 0:00:47]} 50. Kg4 {[%clk 0:07:03]} Kh7
{[%clk 0:00:34]} 51. Ne7 {[%clk 0:06:17]} Na7 {[%clk 0:00:44]} 52. Kf5
{[%clk 0:06:06]} Kg7 {[%clk 0:01:10]} 53. Ke5 {[%clk 0:06:12]} Kf8
{[%clk 0:00:49]} 54. Kf6 {[%clk 0:06:07]} Ke8 {[%clk 0:00:40]} 55. Nf5
{[%clk 0:06:06]} Kf8 {[%clk 0:00:34]} 56. Nd6 {[%clk 0:06:17]} Nc6
{[%clk 0:00:38]} 57. Nxf7 {[%clk 0:06:17]} Nb8 {[%clk 0:00:32]} 58. a7
{[%clk 0:06:08]} Nd7+ {[%clk 0:00:57]} 59. Kg6 {[%clk 0:06:00]} Nb6
{[%clk 0:01:06]} 60. Kh7 {[%clk 0:06:06]} Kxf7 {[%clk 0:01:18]} 61. g6+
{[%clk 0:06:25]} 1-0

[Event "MMK2014"]
[Site "?"]
[Date "2014.08.15"]
[Round "6.4"]
[White "Berezjuk, Sergej"]
[Black "Jacko, Vladimir"]
[Result "1/2-1/2"]
[LiveChessVersion "1.4.2"]
[BlackElo "2237"]
[WhiteElo "2371"]

1. e4 {[%clk 1:29:56]} c5 {[%clk 1:30:52]} 2. Nf3 {[%clk 1:30:22]} g6
{[%clk 1:31:01]} 3. d4 {[%clk 1:30:05]} cxd4 {[%clk 1:31:25]} 4. Nxd4
{[%clk 1:30:30]} Bg7 {[%clk 1:31:51]} 5. c4 {[%clk 1:30:41]} Nc6 {[%clk 1:32:10]}
6. Be3 {[%clk 1:30:56]} Nf6 {[%clk 1:32:05]} 7. Nc3 {[%clk 1:31:23]} O-O
{[%clk 1:32:26]} 8. Be2 {[%clk 1:31:44]} d6 {[%clk 1:32:47]} 9. O-O
{[%clk 1:31:56]} Bd7 {[%clk 1:33:13]} 10. Nc2 {[%clk 1:31:49]} Be6
{[%clk 1:32:50]} 11. f3 {[%clk 1:31:00]} Nd7 {[%clk 1:32:27]} 12. Nd5
{[%clk 1:19:50]} Bxb2 {[%clk 1:21:39]} 13. Rb1 {[%clk 1:19:39]} Bg7
{[%clk 1:21:13]} 14. Rxb7 {[%clk 1:19:34]} Nc5 {[%clk 1:17:30]} 15. Rb1
{[%clk 1:11:06]} f5 {[%clk 0:53:11]} 16. exf5 {[%clk 1:00:30]} Bxf5
{[%clk 0:46:31]} 17. g4 {[%clk 0:55:19]} Bxc2 {[%clk 0:33:08]} 18. Qxc2
{[%clk 0:54:53]} e6 19. Nb4 Bd4 20. Qd2 Bxe3+ 21. Qxe3 Nxb4 22. Rxb4 Qf6 23. f4
Rad8 24. a3 Rd7 25. g5 Qf5 26. h3 Re7 27. Rb2 Qe4 28. Qxe4 Nxe4 29. Bg4 Kg7 30.
Kg2 Nc5 31. Rd2 Rd7 32. Re2 Re7 33. Rd2 Rd7 34. Re2 Re7 35. Rd2 Rd7 36. Re2 Re7
{[%clk 0:02:57]} 1/2-1/2

[Event "MMK2014"]
[Site "?"]
[Date "2014.08.15"]
[Round "6.5"]
[White "Polok, Kacper"]
[Black "Mikrut, Dariusz"]
[Result "1/2-1/2"]
[LiveChessVersion "1.4.2"]
[BlackElo "2363"]
[WhiteElo "2254"]

1. e4 {[%clk 1:30:46]} c5 {[%clk 1:30:49]} 2. Nf3 {[%clk 1:31:06]} d6
{[%clk 1:31:07]} 3. Bb5+ {[%clk 1:31:21]} Bd7 {[%clk 1:31:16]} 4. Bxd7+
{[%clk 1:31:39]} Qxd7 {[%clk 1:31:17]} 5. O-O {[%clk 1:31:53]} Nf6
{[%clk 1:31:32]} 6. d3 {[%clk 1:32:08]} e6 {[%clk 1:31:45]} 7. Ng5
{[%clk 1:32:20]} h6 {[%clk 1:30:58]} 8. Nh3 {[%clk 1:32:40]} d5 {[%clk 1:26:40]}
9. e5 {[%clk 1:28:09]} Ng8 {[%clk 1:25:58]} 10. f4 {[%clk 1:16:34]} Ne7
{[%clk 1:24:41]} 11. c3 {[%clk 1:16:32]} Nbc6 {[%clk 1:25:00]} 12. Na3
{[%clk 1:16:22]} h5 {[%clk 1:25:12]} 13. Nc2 {[%clk 1:13:34]} Nf5
{[%clk 1:25:15]} 14. Ne3 {[%clk 1:05:55]} Nxe3 {[%clk 1:03:14]} 15. Bxe3
{[%clk 1:06:15]} O-O-O {[%clk 1:02:23]} 16. a3 {[%clk 1:01:20]} f6
{[%clk 0:53:47]} 17. b4 {[%clk 0:52:54]} d4 {[%clk 0:52:51]} 18. cxd4
{[%clk 0:49:48]} cxb4 {[%clk 0:51:17]} 19. axb4 {[%clk 0:48:25]} Bxb4
{[%clk 0:51:43]} 20. f5 {[%clk 0:35:14]} Bc3 {[%clk 0:16:50]} 21. fxe6
{[%clk 0:33:11]} Qxe6 {[%clk 0:15:32]} 22. Nf4 {[%clk 0:33:11]} Qg4
{[%clk 0:15:43]} 23. d5 {[%clk 0:27:52]} Qxd1 {[%clk 0:06:30]} 24. Raxd1
{[%clk 0:28:09]} Bd4 {[%clk 0:04:32]} 25. Bxd4 {[%clk 0:21:52]} Nxd4
{[%clk 0:04:57]} 26. exf6 {[%clk 0:22:05]} gxf6 {[%clk 0:05:13]} 27. Rde1
{[%clk 0:22:28]} Rh7 {[%clk 0:02:07]} 28. Ng6 {[%clk 0:19:34]} Kc7
{[%clk 0:01:53]} 29. Rf4 {[%clk 0:13:22]} Nb5 {[%clk 0:01:35]} 30. Rxf6
{[%clk 0:12:56]} Rxd5 {[%clk 0:01:34]} 31. Nf8 {[%clk 0:09:46]} Rh8
{[%clk 0:01:56]} 32. Re8 {[%clk 0:08:00]} Rxf8 {[%clk 0:01:43]} 33. Rexf8
{[%clk 0:08:11]} Nd6 {[%clk 0:01:58]} 34. Rf4 {[%clk 0:06:22]} b5
{[%clk 0:02:07]} 35. h3 {[%clk 0:06:33]} a5 {[%clk 0:02:15]} 36. g4
{[%clk 0:06:00]} hxg4 {[%clk 0:02:29]} 37. hxg4 {[%clk 0:06:28]} b4
{[%clk 0:02:47]} 38. Kf2 {[%clk 0:05:48]} b3 {[%clk 0:01:13]} 39. Ke3
{[%clk 0:06:12]} b2 {[%clk 0:00:37]} 40. Rf1 {[%clk 0:06:37]} Nb5
{[%clk 0:00:56]} 41. R8f2 {[%clk 0:04:35]} Re5+ {[%clk 0:00:46]} 42. Kf4
{[%clk 0:04:49]} Re8 {[%clk 0:00:59]} 43. Rb1 {[%clk 0:04:26]} Rf8+
{[%clk 0:01:20]} 44. Kg3 {[%clk 0:03:27]} Rxf2 {[%clk 0:01:45]} 45. Kxf2
{[%clk 0:03:54]} Nc3 {[%clk 0:02:11]} 46. Rxb2 {[%clk 0:02:31]} Nd1+
{[%clk 0:02:35]} 47. Kf3 {[%clk 0:02:00]} Nxb2 {[%clk 0:03:00]} 48. Ke4
{[%clk 0:02:08]} a4 {[%clk 0:00:53]} 49. Kd4 {[%clk 0:02:10]} a3 {[%clk 0:00:48]}
50. Kc3 {[%clk 0:02:27]} Nxd3 {[%clk 0:01:09]} 51. Kb3 {[%clk 0:02:52]} Ne5
{[%clk 0:01:34]} 52. Kxa3 {[%clk 0:03:19]} Nxg4 {[%clk 0:02:01]} 1/2-1/2

[Event "MMK2014"]
[Site "?"]
[Date "2014.08.15"]
[Round "7.1"]
[White "Mikrut, Dariusz"]
[Black "Malinovsky, Karel"]
[Result "1/2-1/2"]
[LiveChessVersion "1.4.2"]
[BlackElo "2453"]
[WhiteElo "2363"]

1. d4 {[%clk 1:29:58]} d5 {[%clk 1:30:00]} 2. c4 {[%clk 1:30:01]} e6
{[%clk 1:29:22]} 3. Nf3 {[%clk 1:30:23]} Nf6 {[%clk 1:29:30]} 4. Nc3
{[%clk 1:30:45]} Be7 {[%clk 1:29:25]} 5. Bg5 {[%clk 1:31:00]} O-O
{[%clk 1:29:19]} 6. e3 {[%clk 1:31:21]} h6 {[%clk 1:29:33]} 7. Bh4
{[%clk 1:31:47]} b6 {[%clk 1:29:50]} 8. Qc2 {[%clk 1:32:08]} Bb7 {[%clk 1:29:07]}
9. Bxf6 {[%clk 1:32:31]} Bxf6 {[%clk 1:29:29]} 10. cxd5 {[%clk 1:32:57]} exd5
{[%clk 1:29:44]} 11. O-O-O {[%clk 1:33:23]} c5 {[%clk 1:27:11]} 12. h4
{[%clk 1:32:30]} cxd4 {[%clk 1:26:27]} 13. exd4 {[%clk 1:32:54]} Nc6
{[%clk 1:25:54]} 14. g4 {[%clk 1:27:23]} g6 {[%clk 1:25:52]} 15. g5
{[%clk 1:27:24]} hxg5 {[%clk 1:25:34]} 16. hxg5 {[%clk 1:27:46]} Bg7
{[%clk 1:25:47]} 17. Kb1 {[%clk 1:26:44]} Bc8 {[%clk 1:21:43]} 18. Bh3
{[%clk 1:26:56]} Bxh3 {[%clk 1:19:00]} 19. Rxh3 {[%clk 1:27:21]} Qd7
{[%clk 1:19:23]} 20. Rdh1 {[%clk 1:03:04]} Nb4 {[%clk 1:18:30]} 21. Qd2
{[%clk 0:55:38]} Qf5+ {[%clk 1:18:47]} 22. Kc1 {[%clk 0:55:34]} Rac8
{[%clk 1:09:51]} 23. Kd1 {[%clk 0:55:32]} Nc6 {[%clk 0:48:36]} 24. Qc2
{[%clk 0:47:32]} Qxc2+ {[%clk 0:41:17]} 25. Kxc2 {[%clk 0:47:12]} Nxd4+
{[%clk 0:40:36]} 26. Nxd4 {[%clk 0:47:16]} Bxd4 {[%clk 0:41:00]} 27. Kb3
{[%clk 0:47:29]} Rfd8 {[%clk 0:36:24]} 28. Nb5 {[%clk 0:41:22]} Bg7
{[%clk 0:34:24]} 29. Nxa7 {[%clk 0:41:45]} Rc5 {[%clk 0:27:26]} 30. a4
{[%clk 0:41:35]} Re8 {[%clk 0:27:29]} 31. Re3 {[%clk 0:41:14]} Rxe3+
{[%clk 0:22:09]} 32. fxe3 {[%clk 0:41:39]} d4 {[%clk 0:21:22]} 33. exd4
{[%clk 0:41:58]} Bxd4 {[%clk 0:21:39]} 34. Rd1 {[%clk 0:42:02]} Be3
{[%clk 0:19:14]} 35. Rd3 {[%clk 0:39:15]} Bxg5 {[%clk 0:18:57]} 36. Rd6
{[%clk 0:39:37]} Rc7 {[%clk 0:18:36]} 37. Nb5 {[%clk 0:39:54]} Rb7
{[%clk 0:18:39]} 38. Kc4 {[%clk 0:38:22]} Be3 {[%clk 0:16:56]} 39. b4
{[%clk 0:37:22]} g5 {[%clk 0:15:49]} 40. Nc3 {[%clk 0:37:00]} g4 {[%clk 0:11:14]}
41. Kd3 {[%clk 0:31:11]} Bf2 {[%clk 0:08:16]} 42. Ne4 {[%clk 0:28:55]} Be1
{[%clk 0:06:45]} 43. Nf6+ {[%clk 0:29:20]} Kf8 {[%clk 0:05:51]} 44. Nxg4
{[%clk 0:29:43]} Bxb4 {[%clk 0:06:15]} 45. Rc6 {[%clk 0:29:59]} Rd7+
{[%clk 0:06:00]} 46. Kc4 {[%clk 0:30:09]} Ba5 {[%clk 0:04:58]} 47. Ne5
{[%clk 0:30:13]} Re7 {[%clk 0:04:26]} 48. Kd5 {[%clk 0:30:07]} Kg7
{[%clk 0:04:11]} 49. Nc4 {[%clk 0:29:51]} Rd7+ {[%clk 0:02:59]} 50. Ke4
{[%clk 0:30:01]} Ra7 {[%clk 0:03:10]} 51. Kf5 {[%clk 0:29:00]} Be1
{[%clk 0:02:32]} 52. Rxb6 {[%clk 0:28:39]} Rxa4 {[%clk 0:02:42]} 53. Rc6
{[%clk 0:29:05]} Ra2 {[%clk 0:02:29]} 54. Kg4 {[%clk 0:28:49]} Rc2
{[%clk 0:01:58]} 55. Ne5 {[%clk 0:28:38]} Rxc6 {[%clk 0:02:15]} 56. Nxc6 1/2-1/2

[Event "MMK2014"]
[Site "?"]
[Date "2014.08.15"]
[Round "7.2"]
[White "Jacko, Vladimir"]
[Black "Polok, Kacper"]
[Result "1/2-1/2"]
[LiveChessVersion "1.4.2"]
[BlackElo "2254"]
[WhiteElo "2237"]

1. e4 {[%clk 1:30:55]} c5 {[%clk 1:30:47]} 2. Nf3 {[%clk 1:31:19]} Nc6
{[%clk 1:31:07]} 3. Bb5 {[%clk 1:31:44]} d6 {[%clk 1:28:48]} 4. O-O
{[%clk 1:32:02]} Bd7 {[%clk 1:29:11]} 5. Re1 {[%clk 1:32:22]} Nf6
{[%clk 1:29:24]} 6. Nc3 {[%clk 1:32:28]} e5 {[%clk 1:28:13]} 7. d3
{[%clk 1:29:48]} Be7 {[%clk 1:28:08]} 8. Ne2 {[%clk 1:27:21]} O-O
{[%clk 1:19:36]} 9. c3 Nh5 {[%clk 1:09:21]} 10. d4 {[%clk 0:59:22]} Qc7
{[%clk 1:08:47]} 11. Be3 {[%clk 0:55:48]} Rad8 {[%clk 1:07:23]} 12. a4
{[%clk 0:52:47]} g6 {[%clk 1:04:04]} 13. Bh6 {[%clk 0:51:33]} Ng7
{[%clk 1:02:11]} 14. Ng3 {[%clk 0:51:26]} Bg4 {[%clk 0:53:45]} 15. Bxc6
{[%clk 0:44:34]} bxc6 {[%clk 0:53:37]} 16. dxc5 {[%clk 0:44:41]} d5
{[%clk 0:53:36]} 17. exd5 {[%clk 0:34:27]} cxd5 {[%clk 0:51:53]} 18. b4
{[%clk 0:32:45]} e4 {[%clk 0:47:09]} 19. h3 {[%clk 0:28:02]} Bxf3
{[%clk 0:47:18]} 20. gxf3 {[%clk 0:28:18]} f5 {[%clk 0:47:39]} 21. fxe4
{[%clk 0:25:58]} fxe4 {[%clk 0:45:30]} 22. c4 {[%clk 0:25:23]} Bh4
{[%clk 0:42:24]} 23. Qg4 {[%clk 0:23:26]} Qf7 {[%clk 0:30:32]} 24. Ra2
{[%clk 0:19:27]} Bxg3 {[%clk 0:24:06]} 25. fxg3 {[%clk 0:18:57]} d4
{[%clk 0:23:08]} 26. Bxg7 {[%clk 0:17:36]} Kxg7 {[%clk 0:22:05]} 27. Qxe4
{[%clk 0:16:04]} Rfe8 {[%clk 0:22:14]} 28. Rf2 {[%clk 0:14:44]} Qc7
{[%clk 0:19:07]} 29. Qxe8 {[%clk 0:12:33]} Rxe8 {[%clk 0:19:30]} 30. Rxe8
{[%clk 0:12:59]} Qxg3+ {[%clk 0:19:02]} 31. Rg2 {[%clk 0:13:00]} Qc3
{[%clk 0:18:51]} 32. c6 {[%clk 0:12:37]} Qc1+ {[%clk 0:18:40]} 33. Kh2
{[%clk 0:12:50]} Qf4+ {[%clk 0:19:01]} 34. Kg1 {[%clk 0:12:53]} Qc1+
{[%clk 0:19:24]} 35. Kh2 {[%clk 0:08:03]} d3 {[%clk 0:19:49]} 36. Re7+
{[%clk 0:06:42]} Kh6 {[%clk 0:19:44]} 37. Rd7 {[%clk 0:07:01]} Qf4+
{[%clk 0:20:07]} 38. Kg1 {[%clk 0:07:20]} Qc1+ {[%clk 0:20:32]} 1/2-1/2

[Event "MMK2014"]
[Site "?"]
[Date "2014.08.15"]
[Round "7.4"]
[White "Klekowski, Maciej"]
[Black "Topi-Hulmi, Teemu"]
[Result "1-0"]
[LiveChessVersion "1.4.2"]
[BlackElo "2235"]
[WhiteElo "2383"]

1. e4 {[%clk 1:30:53]} e5 {[%clk 1:29:51]} 2. Nf3 {[%clk 1:31:15]} Nc6
{[%clk 1:30:13]} 3. Bb5 {[%clk 1:31:38]} a6 {[%clk 1:30:33]} 4. Ba4
{[%clk 1:32:05]} Nf6 {[%clk 1:30:52]} 5. O-O {[%clk 1:32:25]} b5 {[%clk 1:30:55]}
6. Bb3 {[%clk 1:32:49]} Be7 {[%clk 1:31:17]} 7. Re1 {[%clk 1:31:12]} d6
{[%clk 1:31:25]} 8. d3 {[%clk 1:29:39]} O-O {[%clk 1:31:31]} 9. a4
{[%clk 1:29:45]} Rb8 {[%clk 1:28:23]} 10. axb5 {[%clk 1:27:37]} axb5
{[%clk 1:28:35]} 11. Nc3 {[%clk 1:26:24]} Bg4 {[%clk 1:26:44]} 12. Be3
{[%clk 1:26:06]} Nd4 {[%clk 1:24:36]} 13. Bxd4 {[%clk 1:26:20]} exd4
{[%clk 1:24:59]} 14. Nd5 {[%clk 1:25:17]} Nxd5 {[%clk 1:23:32]} 15. Bxd5
{[%clk 1:25:02]} Bf6 {[%clk 1:19:52]} 16. Ra7 {[%clk 1:16:07]} c6
{[%clk 1:11:48]} 17. Bb3 {[%clk 1:16:10]} Qb6 {[%clk 1:10:30]} 18. Ra2
{[%clk 1:11:05]} Qc5 {[%clk 1:03:27]} 19. h3 {[%clk 1:10:30]} Be6
{[%clk 0:55:35]} 20. Qd2 {[%clk 1:08:03]} Ra8 {[%clk 0:48:44]} 21. Rea1
{[%clk 1:05:43]} Rxa2 {[%clk 0:48:56]} 22. Rxa2 {[%clk 1:06:09]} Bxb3
{[%clk 0:48:22]} 23. cxb3 {[%clk 1:06:35]} h6 {[%clk 0:47:48]} 24. Ra6
{[%clk 1:06:10]} b4 {[%clk 0:43:04]} 25. h4 {[%clk 1:01:32]} Rb8 {[%clk 0:41:07]}
26. g3 {[%clk 1:00:08]} Rb5 {[%clk 0:38:29]} 27. Ra8+ {[%clk 0:57:37]} Kh7
{[%clk 0:38:48]} 28. Qf4 {[%clk 0:58:00]} Rb7 {[%clk 0:32:13]} 29. e5
{[%clk 0:57:21]} Ra7 {[%clk 0:22:01]} 30. Rxa7 {[%clk 0:57:19]} Qxa7
{[%clk 0:22:18]} 31. exf6 {[%clk 0:57:39]} Qa1+ {[%clk 0:22:28]} 32. Kg2
{[%clk 0:58:05]} Qxb2 {[%clk 0:22:50]} 33. Qe4+ {[%clk 0:58:19]} g6
{[%clk 0:22:48]} 34. Qe8 {[%clk 0:58:39]} 1-0